Top Línguas Românicas - Statistics

Estatísticas Gerais
  • Esse quiz foi jogado 15 204 vezes
  • A pontuação média é 5 de 6
Estatísticas das Respostas
# Falantes Língua % Correto
215 mi Português
98%
405 mi Espanhol
97%
75 mi Francês
96%
59 mi Italiano
94%
24 mi Romeno
62%
4.1 mi Catalão
37%
Nenhum quiz correspondente encontrado
Distribuição das Pontuações
Porcentagem de Pessoas com Cada Pontuação
Percentil de Números Respondidos
Sua Pontuação Histórica
Você não jogou esse quiz